[Event "HUN-chT2 Erkel 0910"]
[Site "Hungary"]
[Date "2009.12.06"]
[Round "3.9"]
[White "Kozma, Gabor"]
[Black "Dobak, Daniel"]
[Result "1/2-1/2"]
[WhiteElo "1906"]
[BlackElo "2030"]
[PlyCount "80"]
[EventDate "2009.11.08"]
[EventType "team-tourn"]
[EventRounds "11"]
[EventCountry "HUN"]
[SourceTitle "EXT 2011"]
[Source "ChessBase"]
[SourceDate "2010.11.26"]
[SourceVersion "1"]
[SourceVersionDate "2010.11.26"]
[SourceQuality "1"]
[WhiteTeam "Godollo"]
[BlackTeam "Jaszbereny"]
[WhiteTeamCountry "HUN"]
[BlackTeamCountry "HUN"]

1. e4 c5 2. Nc3 Nc6 3. d3 d6 4. g3 g6 5. Bg2 Bg7 6. f4 f5 7. Nf3 Nf6 8. 0-0 0-0 9. Kh1 Qc7 10. Be3 b6 11. Qd2 e6 12. exf5 exf5 13. Bg1 Bb7 14. Ng5 Qd7 15. Nd5 Ne7 16. Nxe7+ Qxe7 17. Rfe1 Qd7 18. Ne6 Rfe8 19. Nxg7 Kxg7 20. h3 Bxg2+ 21. Kxg2 Qc6+ 22. Kh2 Rxe1 23. Rxe1 Re8 24. Bf2 Rxe1 25. Qxe1 Kf7 26. Qe2 Qe8 27. Qxe8+ Nxe8 28. Kg2 Ke6 29. Kf3 Nf6 30. a3 d5 31. a4 d4 32. c3 dxc3 33. bxc3 Nd5 34. Be1 h5 35. Bd2 Kd6 36. g4 hxg4+ 37. hxg4 a6 38. gxf5 gxf5 39. Ke2 Nc7 40. Ke3 Nd5+ 1/2-1/2

[Event "HUN-chT2 Erkel 0809"]
[Site "Hungary"]
[Date "2009.01.25"]
[Round "6.11"]
[White "Dobak, Daniel"]
[Black "Nemeth, Laszlo1111"]
[Result "1/2-1/2"]
[WhiteElo "2027"]
[BlackElo "1966"]
[PlyCount "47"]
[EventDate "2008.10.26"]
[EventType "team-tourn"]
[EventRounds "11"]
[EventCountry "HUN"]
[SourceTitle "EXT 2010"]
[Source "ChessBase"]
[SourceDate "2010.11.25"]
[SourceVersion "1"]
[SourceVersionDate "2010.11.25"]
[SourceQuality "1"]
[WhiteTeam "Jaszbereny"]
[BlackTeam "Paszto"]
[WhiteTeamCountry "HUN"]
[BlackTeamCountry "HUN"]

1. e4 Nf6 2. e5 Nd5 3. d4 d6 4. c4 Nb6 5. exd6 cxd6 6. Nc3 g6 7. Nf3 Bg7 8. b3 0-0 9. Bb2 Nc6 10. Be2 Rb8 11. 0-0 a6 12. Qd2 e6 13. Rad1 d5 14. c5 Nd7 15. Na4 Qc7 16. Rfe1 Nf6 17. Bd3 Bd7 18. Nb6 Rbd8 19. a3 Bc8 20. Nh4 Nd7 21. Nxd7 Bxd7 22. Bf1 Rfe8 23. f4 h5 24. Nf3 1/2-1/2

[Event "HUN-chT2 Erkel 0708"]
[Site "Hungary"]
[Date "2008.03.30"]
[Round "9"]
[White "Farsang, Peter"]
[Black "Dobak, Daniel"]
[Result "1-0"]
[WhiteElo "2011"]
[BlackElo "1987"]
[PlyCount "81"]
[EventDate "2007.10.14"]
[EventType "team"]
[EventRounds "11"]
[EventCountry "HUN"]
[SourceTitle "EXT 2009"]
[Source "ChessBase"]
[SourceDate "2008.11.26"]
[SourceVersion "1"]
[SourceVersionDate "2008.11.26"]
[SourceQuality "1"]
[WhiteTeam "Foti"]
[BlackTeam "Jaszbereny"]
[WhiteTeamCountry "HUN"]
[BlackTeamCountry "HUN"]

1. e4 c5 2. Nf3 d6 3. d4 Nf6 4. Nc3 cxd4 5. Nxd4 a6 6. Bg5 e6 7. f4 Qb6 8. Qd2 Nc6 9. Nb3 Be7 10. Be2 Bd7 11. 0-0-0 h6 12. Bxf6 gxf6 13. Bf3 a5 14. a4 Nb4 15. Kb1 Rc8 16. Qd4 Qxd4 17. Nxd4 0-0 18. f5 Rfd8 19. Rd2 Na6 20. Ndb5 Bc6 21. fxe6 fxe6 22. Rhd1 Bxb5 23. Nxb5 Rc6 24. Nd4 Rb6 25. Nxe6 Rc8 26. Nf4 Bf8 27. Nd5 Rbc6 28. Nxf6+ Kg7 29. e5 dxe5 30. Bxc6 Rxc6 31. Nd7 e4 32. Re2 Re6 33. Rde1 Re7 34. Nxf8 Nc5 35. Rf1 Nxa4 36. Nd7 Rxd7 37. Rxe4 Nc5 38. Rg4+ Kh7 39. Kc1 b5 40. Rf5 Rc7 41. Kb1 1-0

[Event "HUN-chT2 Erkel 0607"]
[Site "Hungary"]
[Date "2007.05.06"]
[Round "10"]
[White "Dobak, Daniel"]
[Black "Repasi, David"]
[Result "1-0"]
[WhiteElo "2035"]
[BlackElo "1822"]
[PlyCount "71"]
[EventDate "2006.11.12"]
[EventType "team"]
[EventRounds "11"]
[EventCountry "HUN"]
[SourceTitle "EXT 2008"]
[Source "ChessBase"]
[SourceDate "2007.11.25"]
[SourceVersion "1"]
[SourceVersionDate "2007.11.25"]
[SourceQuality "1"]
[WhiteTeam "Szekuritas"]
[BlackTeam "Ujszasz"]
[WhiteTeamCountry "HUN"]
[BlackTeamCountry "HUN"]

1. e4 e5 2. Nf3 Nc6 3. Bb5 a6 4. Ba4 Nf6 5. 0-0 Be7 6. Re1 b5 7. Bb3 d6 8. h3 0-0 9. c3 Na5 10. Bc2 c5 11. d4 Qc7 12. d5 Nb7 13. Nbd2 c4 14. Nf1 Nc5 15. Ng3 Re8 16. Be3 Bf8 17. Qe2 g6 18. Nd2 Bb7 19. Rf1 Bg7 20. Rae1 Nfd7 21. b3 cxb3 22. axb3 a5 23. c4 b4 24. f4 exf4 25. Rxf4 a4 26. bxa4 Nxa4 27. Qf2 Ndc5 28. Rb1 Bc3 29. Bd4 Re7 30. Bf6 Rd7 31. Nf3 Re8 32. Nd4 Ba6 33. Nge2 Bd2 34. Rh4 Bxc4 35. Nf4 Bxf4 36. Qxf4 1-0

[Event "HUN-chT2 Erkel 0607"]
[Site "Hungary"]
[Date "2006.11.26"]
[Round "2"]
[White "Szentmihalyi, David"]
[Black "Dobak, Daniel"]
[Result "0-1"]
[WhiteElo "1824"]
[BlackElo "1970"]
[PlyCount "68"]
[EventDate "2006.11.12"]
[EventType "team"]
[EventRounds "11"]
[EventCountry "HUN"]
[SourceTitle "EXT 2008"]
[Source "ChessBase"]
[SourceDate "2007.11.25"]
[SourceVersion "1"]
[SourceVersionDate "2007.11.25"]
[SourceQuality "1"]
[WhiteTeam "Heesi II"]
[BlackTeam "Szekuritas"]
[WhiteTeamCountry "HUN"]
[BlackTeamCountry "HUN"]

1. e4 c5 2. Nf3 d6 3. d4 cxd4 4. Nxd4 Nf6 5. Nc3 a6 6. Bg5 e6 7. f4 Qb6 8. Bxf6 gxf6 9. Na4 Qa5+ 10. Nc3 Nc6 11. Nxc6 bxc6 12. Qd2 Rb8 13. Rb1 Be7 14. Be2 0-0 15. 0-0 c5 16. Rf3 Kh8 17. Rh3 Rg8 18. Rf1 Rg7 19. Rff3 Bb7 20. Rfg3 Rbg8 21. Rxg7 Rxg7 22. Bf3 Qb4 23. b3 c4 24. Qd4 d5 25. Kf1 cxb3 26. Qxb4 Bxb4 27. Bd1 d4 28. cxb3 Bxc3 29. Bc2 f5 30. Rh5 Bxe4 31. Bxe4 fxe4 32. Re5 e3 33. g3 Rg8 34. Ke2 d3+ 0-1

[Event "HUN-chT2 Erkel 0405"]
[Site "Hungary"]
[Date "2005.04.10"]
[Round "10"]
[White "Dobak, Daniel"]
[Black "Antal, Attila"]
[Result "1-0"]
[WhiteElo "1911"]
[BlackElo "2075"]
[PlyCount "131"]
[EventDate "2004.09.26"]
[EventType "team"]
[EventRounds "11"]
[EventCountry "HUN"]
[SourceTitle "EXT 2009"]
[Source "ChessBase"]
[SourceDate "2008.11.26"]
[SourceVersion "1"]
[SourceVersionDate "2008.11.26"]
[SourceQuality "1"]
[WhiteTeam "Szekuritas"]
[BlackTeam "Fuzesabony"]
[WhiteTeamCountry "HUN"]
[BlackTeamCountry "HUN"]

1. e4 e5 2. Nf3 Nc6 3. Bb5 a6 4. Ba4 Nf6 5. 0-0 Be7 6. Re1 b5 7. Bb3 0-0 8. a4 Bb7 9. d3 d6 10. Nbd2 Na5 11. c3 Nxb3 12. Qxb3 Qd7 13. Nf1 c5 14. Ng3 Rfb8 15. Qc2 Bc6 16. a5 b4 17. c4 Bd8 18. b3 Bc7 19. Bg5 Ne8 20. Ra2 f6 21. Be3 Bd8 22. Nd2 Nc7 23. f4 exf4 24. Bxf4 Ne6 25. Be3 Be7 26. Qd1 Nd8 27. Nf5 Bf8 28. Rf1 Nf7 29. Qe2 g6 30. Ng3 Be7 31. d4 Rf8 32. Nf3 Nd8 33. Qd2 Qc7 34. h4 Nb7 35. Rfa1 Bd8 36. Kf2 Qe7 37. d5 Be8 38. Bh6 Rf7 39. h5 g5 40. Qe3 Bc7 41. Nf5 Qd8 42. Ke2 Bd7 43. Nxg5 Bxf5 44. Nxf7 Bg4+ 45. Kd3 Kxf7 46. Qg3 Qg8 47. Qh4 f5 48. Rf1 Bd8 49. Rxf5+ Bxf5 50. Qf4 Qg4 51. Rf2 Qxf4 52. Rxf4 Bf6 53. Rxf5 Rg8 54. Bf4 Ke7 55. g3 Nxa5 56. Bxd6+ Kxd6 57. Rxf6+ Ke7 58. e5 Rxg3+ 59. Ke4 Nxb3 60. d6+ Kd7 61. Rf7+ Ke8 62. e6 Rg8 63. Ra7 Rg4+ 64. Kf5 Nd4+ 65. Kxg4 Nxe6 66. Re7+ 1-0

[Event "Zuzmara op"]
[Site "Aggtelek"]
[Date "2005.02.10"]
[Round "1"]
[White "Suto, Gabor"]
[Black "Dobak, Daniel"]
[Result "1-0"]
[WhiteElo "2272"]
[BlackElo "1915"]
[PlyCount "43"]
[EventDate "2005.02.10"]
[EventType "swiss"]
[EventRounds "7"]
[EventCountry "HUN"]
[SourceTitle "EXT 2008"]
[Source "ChessBase"]
[SourceDate "2007.11.25"]
[SourceVersion "1"]
[SourceVersionDate "2007.11.25"]
[SourceQuality "1"]

1. d4 d5 2. c4 dxc4 3. Nf3 Nf6 4. e3 e6 5. Bxc4 c5 6. 0-0 a6 7. a4 Nc6 8. Qe2 Qc7 9. Nc3 Be7 10. d5 exd5 11. Bxd5 0-0 12. h3 Ne5 13. e4 Nxf3+ 14. Qxf3 Bd6 15. Bg5 Nd7 16. Qh5 h6 17. Bh4 Ne5 18. f4 Ng6 19. Qxg6 Bxf4 20. Bf6 Be3+ 21. Kh1 Bd4 22. Qxg7# 1-0

[Event "HUN-chT2 Erkel 0405"]
[Site "Hungary"]
[Date "2004.12.19"]
[Round "6"]
[White "Ivanics, Frigyes"]
[Black "Dobak, Daniel"]
[Result "1-0"]
[WhiteElo "2152"]
[BlackElo "1911"]
[PlyCount "120"]
[EventDate "2004.09.26"]
[EventType "team"]
[EventRounds "11"]
[EventCountry "HUN"]
[SourceTitle "EXT 2009"]
[Source "ChessBase"]
[SourceDate "2008.11.26"]
[SourceVersion "1"]
[SourceVersionDate "2008.11.26"]
[SourceQuality "1"]
[WhiteTeam "Penzugyor II"]
[BlackTeam "Szekuritas"]
[WhiteTeamCountry "HUN"]
[BlackTeamCountry "HUN"]

1. e4 c5 2. Nf3 d6 3. d4 cxd4 4. Nxd4 Nf6 5. Nc3 a6 6. f3 e6 7. Be3 b5 8. Qd2 Bb7 9. 0-0-0 Nbd7 10. g4 Nb6 11. h4 Nfd7 12. g5 Ne5 13. f4 Nec4 14. Bxc4 Nxc4 15. Qe2 Nxe3 16. Qxe3 Rc8 17. Kb1 Qc7 18. Rd2 b4 19. Nce2 d5 20. exd5 Bxd5 21. Re1 Bc5 22. Qd3 0-0 23. h5 b3 24. axb3 Bb4 25. c3 Qb7 26. Nc1 Bd6 27. Qg3 Qc7 28. Nd3 Qb7 29. Nf2 Bc5 30. b4 Bxb4 31. cxb4 Qxb4 32. Red1 Rb8 33. h6 g6 34. Rc2 Qa4 35. Kc1 Rfc8 36. Qa3 Rxc2+ 37. Nxc2 Qxf4+ 38. Qe3 Qf5 39. Nd3 Be4 40. Qf4 Rd8 41. Qxf5 Bxf5 42. Ne5 Rxd1+ 43. Kxd1 Kf8 44. b4 Ke7 45. Nd4 Be4 46. Ng4 e5 47. Nxe5 f6 48. Nef3 f5 49. Kd2 Kd6 50. Ke3 Kd5 51. Ne2 Bxf3 52. Kxf3 Kc4 53. Nf4 Kxb4 54. Nxg6 a5 55. Ne7 a4 56. g6 a3 57. gxh7 Kb3 58. h8Q Ka2 59. h7 Kb1 60. Qa8 Ka2 1-0

[Event "HUN-chT2 Erkel 0405"]
[Site "Hungary"]
[Date "2004.12.12"]
[Round "5"]
[White "Koltanyi, Imre"]
[Black "Dobak, Daniel"]
[Result "1-0"]
[WhiteElo "2066"]
[BlackElo "1911"]
[PlyCount "95"]
[EventDate "2004.09.26"]
[EventType "team"]
[EventRounds "11"]
[EventCountry "HUN"]
[SourceTitle "EXT 2009"]
[Source "ChessBase"]
[SourceDate "2008.11.26"]
[SourceVersion "1"]
[SourceVersionDate "2008.11.26"]
[SourceQuality "1"]
[WhiteTeam "Garancia"]
[BlackTeam "Szekuritas"]
[WhiteTeamCountry "HUN"]
[BlackTeamCountry "HUN"]

1. e4 c5 2. Nf3 d6 3. d4 cxd4 4. Nxd4 Nf6 5. Nc3 a6 6. Bg5 e6 7. Qd2 Qb6 8. 0-0-0 Nbd7 9. f4 Be7 10. Be2 0-0 11. Bf3 Qc7 12. Qf2 Rb8 13. g4 b5 14. Bxf6 Nxf6 15. g5 Nd7 16. h4 b4 17. Nce2 a5 18. h5 a4 19. g6 b3 20. a3 e5 21. h6 fxg6 22. hxg7 Rf7 23. Rxh7 exd4 24. Nxd4 Nf6 25. Rh8+ Kxg7 26. Qh2 Rf8 27. Qh6+ Kf7 28. Rg1 Rxh8 29. Qxg6+ Kf8 30. Qg7+ Ke8 31. Qxh8+ Kd7 32. Qh3+ Kd8 33. Qh8+ Kd7 34. Qh3+ Kd8 35. Qh8+ Kd7 36. e5 dxe5 37. Bc6+ Qxc6 38. Nxc6 Kxc6 39. fxe5 Nd7 40. e6 Nc5 41. Qe8+ Kd6 42. Rd1+ Kxe6 43. Re1+ Kd5 44. Qxe7 bxc2 45. Re5+ Kc4 46. Qxc5+ Kb3 47. Qc3+ Ka2 48. b4 1-0

[Event "HUN-chT2 Erkel 0405"]
[Site "Hungary"]
[Date "2004.11.21"]
[Round "3"]
[White "Dobak, Daniel"]
[Black "Vass, Viktor"]
[Result "1/2-1/2"]
[WhiteElo "1911"]
[BlackElo "2189"]
[PlyCount "97"]
[EventDate "2004.09.26"]
[EventType "team"]
[EventRounds "11"]
[EventCountry "HUN"]
[SourceTitle "EXT 2009"]
[Source "ChessBase"]
[SourceDate "2008.11.26"]
[SourceVersion "1"]
[SourceVersionDate "2008.11.26"]
[SourceQuality "1"]
[WhiteTeam "Szekuritas"]
[BlackTeam "Statisztika II"]
[WhiteTeamCountry "HUN"]
[BlackTeamCountry "HUN"]

1. e4 e5 2. Nf3 Nc6 3. Bb5 a6 4. Ba4 Nf6 5. 0-0 Be7 6. Re1 b5 7. Bb3 0-0 8. a4 Rb8 9. d3 d6 10. Nbd2 b4 11. a5 Be6 12. Bc4 Qc8 13. b3 Ne8 14. Bd5 Nd8 15. d4 exd4 16. Nc4 Bg4 17. e5 Rb5 18. exd6 Nxd6 19. Nxd6 Bxd6 20. Bc4 Rh5 21. g3 Nc6 22. Qd3 Bh3 23. Ng5 Ne5 24. Rxe5 Bxe5 25. Qe2 Rxg5 26. Bxg5 Qa8 27. f3 Re8 28. Re1 d3 29. Qxd3 Bd4+ 30. Qxd4 Rxe1+ 31. Kf2 Rh1 32. g4 Rxh2+ 33. Kg3 Rg2+ 34. Kh4 h6 35. Bxh6 gxh6 36. Qf6 Qf8 37. Kxh3 Rd2 38. Qxa6 Qd6 39. Qxd6 Rxd6 40. a6 Rd8 41. Bb5 Ra8 42. Kh4 Kh8 43. g5 c6 44. Bd3 Rd8 45. Kg4 hxg5 46. Kxg5 Rd5+ 47. Kg4 Kg7 48. Bc4 Ra5 49. Kf4 1/2-1/2

[Event "HUN-chT2 Erkel 0304"]
[Site "Hungary"]
[Date "2004.04.04"]
[Round "10"]
[White "Dobak, Daniel"]
[Black "Papp, Mario"]
[Result "0-1"]
[WhiteElo "1838"]
[BlackElo "2027"]
[PlyCount "86"]
[EventDate "2003.09.28"]
[EventType "team"]
[EventRounds "11"]
[EventCountry "HUN"]
[SourceTitle "EXT 2009"]
[Source "ChessBase"]
[SourceDate "2008.11.26"]
[SourceVersion "1"]
[SourceVersionDate "2008.11.26"]
[SourceQuality "1"]
[WhiteTeam "Szekuritas"]
[BlackTeam "Lang"]
[WhiteTeamCountry "HUN"]
[BlackTeamCountry "HUN"]

1. e4 Nf6 2. e5 Nd5 3. d4 d6 4. c4 Nb6 5. exd6 exd6 6. Nf3 Bg4 7. Be3 Nc6 8. Nbd2 Be7 9. Be2 Bf6 10. 0-0 0-0 11. d5 Ne5 12. Nxe5 Bxe2 13. Qxe2 Bxe5 14. Rab1 Re8 15. f4 Bd4 16. Rf3 Qf6 17. b3 Rxe3 18. Rxe3 Qxf4 19. Re1 Re8 20. Nf1 Bxe3+ 21. Nxe3 Nd7 22. Qf2 Qxf2+ 23. Kxf2 Ne5 24. Rd1 g6 25. h3 h5 26. g3 g5 27. Rd4 Kg7 28. g4 hxg4 29. hxg4 Rh8 30. Kg2 Ng6 31. Rd2 Re8 32. Kf2 Nh4 33. Re2 Re5 34. Kg3 Kg6 35. Kf2 f5 36. Nxf5 Rxe2+ 37. Kxe2 Nxf5 38. gxf5+ Kxf5 39. Kf3 c6 40. dxc6 bxc6 41. b4 d5 42. b5 dxc4 43. bxc6 Ke6 0-1

[Event "Wch U10"]
[Site "Chalkidiki"]
[Date "2003.10.23"]
[Round "1"]
[White "Dobak, Daniel"]
[Black "Song, Raymond"]
[Result "0-1"]
[WhiteElo "1838"]
[BlackElo "1985"]
[PlyCount "108"]
[EventDate "2003.10.23"]
[EventType "swiss"]
[EventRounds "11"]
[EventCountry "GRE"]
[SourceTitle "EXT 2004"]
[Source "ChessBase"]
[SourceDate "2003.11.25"]
[SourceVersion "1"]
[SourceVersionDate "2003.11.25"]
[SourceQuality "1"]

1. e4 e6 2. d4 d5 3. Nc3 Bb4 4. e5 c5 5. a3 Bxc3+ 6. bxc3 Ne7 7. Qg4 Qc7 8. Qxg7 Rg8 9. Qxh7 cxd4 10. Ne2 Nbc6 11. f4 Bd7 12. Qd3 dxc3 13. Nxc3 a6 14. Rb1 Na5 15. h4 Nf5 16. Rh3 0-0-0 17. h5 Nc4 18. h6 Rg6 19. h7 Rh8 20. Qf3 Rg7 21. g4 Ne7 22. Bd3 Nxe5 23. fxe5 Qxc3+ 24. Kd1 Qd4 25. Rb4 Qg1+ 26. Kd2 Ng6 27. Bb2 Rgxh7 28. Rxh7 Rxh7 29. Bxg6 Qh2+ 30. Kd1 Qh1+ 31. Qxh1 Rxh1+ 32. Ke2 fxg6 33. Bc3 Bb5+ 34. Ke3 Rh3+ 35. Kd2 Rh2+ 36. Ke1 Rxc2 37. Bd2 Ra2 38. Rb3 Ra1+ 39. Kf2 Rd1 40. Rb2 Kc7 41. Bc3 Kc6 42. Rd2 Rc1 43. Bd4 Bc4 44. Rb2 b5 45. Kg3 Rd1 46. Bf2 Rd3+ 47. Kf4 Rxa3 48. Kg5 Bd3 49. Rd2 b4 50. Kf6 Kd7 51. Bc5 a5 52. Rxd3 Rxd3 53. Kxg6 b3 54. Ba3 Rd2 0-1

[Event "HUN-chT2 Erkel 0203"]
[Site "Hungary"]
[Date "2003.04.13"]
[Round "11"]
[White "Dobak, Daniel"]
[Black "Gal, Peter"]
[Result "0-1"]
[WhiteElo "1619"]
[BlackElo "2036"]
[PlyCount "100"]
[EventDate "2002.09.22"]
[EventType "team"]
[EventRounds "11"]
[EventCountry "HUN"]
[SourceTitle "EXT 2009"]
[Source "ChessBase"]
[SourceDate "2008.11.26"]
[SourceVersion "1"]
[SourceVersionDate "2008.11.26"]
[SourceQuality "1"]

1. e4 g6 2. d4 Bg7 3. Be3 b6 4. f4 Bb7 5. Nd2 e6 6. Ngf3 Nf6 7. e5 Nd5 8. Qe2 f5 9. a3 0-0 10. c4 Nxe3 11. Qxe3 Re8 12. h4 h5 13. Qf2 Bf8 14. Qg3 Kg7 15. Ng5 Be7 16. Be2 Rh8 17. Nb3 Bxg5 18. hxg5 Qe7 19. Kf2 Na6 20. Bf3 Bxf3 21. Qxf3 c6 22. Rac1 Nc7 23. c5 Nd5 24. Rhd1 Rhb8 25. g3 Rb7 26. Rc2 Rab8 27. Rdd2 Rh8 28. Rc1 Qd8 29. Rh1 Kf7 30. Rh2 Ke7 31. Kg1 Qc7 32. Nc1 bxc5 33. dxc5 Rhb8 34. Rc2 Qa5 35. Rhd2 Qa4 36. Kf2 Rxb2 37. Rxb2 Rxb2 38. Rxb2 Qd4+ 39. Kg2 Qxb2+ 40. Ne2 Qc2 41. Qf2 Qd3 42. Qf3 Qc4 43. Qf2 Qe4+ 44. Qf3 Ne3+ 45. Kf2 Nd1+ 46. Kg2 Qc2 47. Kf1 Qxc5 48. Ke1 Ne3 49. Kf2 Nc2+ 50. Kf1 Qxa3 0-1

[Event "HUN-chT2 Erkel 0203"]
[Site "Hungary"]
[Date "2003.03.23"]
[Round "9"]
[White "Dobak, Daniel"]
[Black "Csonka, Attila Istvan"]
[Result "1-0"]
[WhiteElo "1619"]
[BlackElo "2026"]
[PlyCount "101"]
[EventDate "2002.09.22"]
[EventType "team"]
[EventRounds "11"]
[EventCountry "HUN"]
[SourceTitle "EXT 2009"]
[Source "ChessBase"]
[SourceDate "2008.11.26"]
[SourceVersion "1"]
[SourceVersionDate "2008.11.26"]
[SourceQuality "1"]

1. e4 c5 2. Nf3 d6 3. d4 cxd4 4. Nxd4 Nf6 5. Nc3 a6 6. f3 Nc6 7. Be3 e6 8. Qd2 Be7 9. 0-0-0 d5 10. Nxc6 bxc6 11. e5 Nd7 12. f4 c5 13. Bf2 Bb7 14. Re1 Bc6 15. g4 Rb8 16. Bg2 a5 17. h4 a4 18. f5 Qb6 19. Nd1 Qb5 20. g5 Nb6 21. f6 gxf6 22. exf6 Nc4 23. Qd3 Bd6 24. b3 Bf4+ 25. Ne3 Nxe3 26. Bxe3 Qxd3 27. cxd3 Bxe3+ 28. Rxe3 axb3 29. axb3 Rxb3 30. Kc2 Rb4 31. Ree1 Kd7 32. Rb1 Ba4+ 33. Kd2 Rhb8 34. Rxb4 Rxb4 35. Bf3 Kd6 36. h5 Be8 37. Ra1 Rb8 38. Ke3 Ke5 39. Bg4 Bc6 40. Rf1 Rb2 41. Kf3 Be8 42. Re1+ Kd4 43. Bf5 Rh2 44. h6 c4 45. Bxh7 c3 46. Kg3 Rb2 47. Rc1 Rb8 48. Bg8 Kxd3 49. h7 Kd2 50. Rxc3 Kxc3 51. h8Q 1-0

[Event "HUN-chT2 Erkel 0203"]
[Site "Hungary"]
[Date "2003.02.16"]
[Round "7"]
[White "Takacs, Pal"]
[Black "Dobak, Daniel"]
[Result "1-0"]
[WhiteElo "1705"]
[BlackElo "1619"]
[PlyCount "52"]
[EventDate "2002.09.22"]
[EventType "team"]
[EventRounds "11"]
[EventCountry "HUN"]
[SourceTitle "EXT 2009"]
[Source "ChessBase"]
[SourceDate "2008.11.26"]
[SourceVersion "1"]
[SourceVersionDate "2008.11.26"]
[SourceQuality "1"]

1. e4 c5 2. Nc3 d6 3. g3 Nf6 4. Bg2 e6 5. d3 Nc6 6. f4 d5 7. e5 Nd7 8. Nf3 a6 9. a4 Be7 10. 0-0 g5 11. h3 h5 12. fxg5 Ndxe5 13. Nxe5 Nxe5 14. Qe2 Ng6 15. Qf2 Rf8 16. Bf3 h4 17. gxh4 Bd6 18. Bh5 Qc7 19. Ne2 e5 20. Kg2 e4 21. dxe4 dxe4 22. Bf4 Nxf4+ 23. Nxf4 Bf5 24. Nd5 Bxh3+ 25. Kxh3 Qb8 26. Bxf7+ Kd7 1-0